Maps Modern Warfare 3 (2011) - Statistics

General Stats
  • This quiz has been taken 90 times
  • The average score is 11 of 36
Answer Stats
Picture Answer % Correct
Dome
100%
Terminal
96%
Resistance
81%
Hardhat
69%
Underground
66%
Arkaden
59%
Mission
59%
Baakara
54%
Seatown
54%
Village
54%
Outpost
41%
Bootleg
40%
Lockdown
40%
Downturn
37%
Fallen
36%
Carbon
35%
Interchange
33%
Erosion
29%
Aground
14%
Oasis
12%
Black Box
11%
Piazza
10%
Liberation
5%
Off Shore
5%
Overwatch
5%
Parish
5%
Boardwalk
4%
Decommission
4%
Foundation
4%
Getaway
4%
Intersection
4%
Lookout
4%
Sanctuary
4%
Vortex
4%
U-Turn
2%
Bridge
0%
No matching quizzes found
Score Distribution
Percent of People with Each Score
Percentile by Number Answered
Your Score History
You have not taken this quiz